French Logo Quiz! #2 - Statistics

General Stats
  • This quiz has been taken 87 times
  • The average score is 12 of 24
Answer Stats
Picture Answer % Correct
Orange
91%
AXA
81%
Tefal
76%
Tour De France
76%
Total
71%
Ubisoft
69%
BNP Paribas
66%
Ibis
66%
Orangina
63%
Kenzo
62%
Auchan
60%
Dom Perignon
57%
Rowenta
51%
UEFA
51%
Yves Rocher
50%
Vichy
47%
Royal Canin
32%
Givenchy
29%
Rossignol
25%
Balenciaga
24%
Airbus
21%
Guerlain
13%
Saint Gobain
13%
Hennessy
12%
No matching quizzes found
Score Distribution
Percent of People with Each Score
Percentile by Number Answered
Your Score History
You have not taken this quiz